Państwa na literę B - Statystyki

Ogólne statystyki
  • Ten quiz został rozwiązany 177 razy
  • Średni wynik to 12 z 17
Statystyki odpowiedzi
Państwo Kontynent Powierzchnia Liczba ludności % Poprawnych
Belgia Europa 30 528 km² 10 584 534
93%
Brazylia Ameryka Południowa 8 511 965 km² 201 103 330
91%
Białoruś Europa 207 600 km² 9 474 200
82%
Bułgaria Europa 110 910 km² 7 531 000
80%
Bośnia i Hercegowina Europa 51 129 km² 4 590 310
78%
Boliwia Ameryka Południowa 1 098 580 km² 9 248 000
77%
Bangladesz Azja 144 000 km² 162 221 000
71%
Belize Ameryka Północna 22 966 km² 266 440
70%
Bahamy Ameryka Północna 13 940 km² 307 451
68%
Barbados Ameryka Północna 431 km² 281 968
66%
Botswana Afryka 600 370 km² 1 842 000
63%
Burundi Afryka 27 830 km² 8 691 000
63%
Bhutan Azja 47 000 km² 682 321
62%
Benin Afryka 112 620 km² 8 295 000
60%
Burkina Faso Afryka 274 200 km² 15 746 232
58%
Bahrajn Azja 620 km² 1 323 535
57%
Brunei Azja 5770 km² 381 371
57%
Nie znaleziono quizów pasujących do podanych kryteriów
Rozkład punktacji
Procent ludzi z każdym wynikiem
Percentyl według liczby udzielonych odpowiedzi
Twoja historia wyników
Nie rozwiązałeś tego quizu